000 00254nam a22001097a 4500
082 _a621.38153 HAK'J
100 _aHAKIM, S. S
_980040
245 _aJUNCTION TRANSISTOR CIRCUIT ANALYSIS
260 _aLONDON
_bILIFFE
_c1962
300 _a522P
942 _cBK
999 _c585017
_d585017